Sanat - "Satumaa" - esim. Reijo Taipale - Statistics

Yleistilastot
  • Tätä visaa on pelattu 133 kertaa
  • Keskiarvotulos 75 / 111
Vastaustilastot
Sanat % Oikein
maa
91%
meren
88%
on
88%
satumaa
88%
Aavan
87%
jossakin
87%
mi
87%
puolen
87%
tuolla
87%
en
84%
missä
82%
laine
81%
liplattaa
81%
sinne
81%
voi
81%
lailla
78%
linnun
78%
vaan
77%
koskaan
75%
lähtisi
75%
pois
75%
vois
75%
käydä
74%
satumaahan
74%
sieltä
74%
niin
73%
olen
71%
kauneimmat
70%
kukat
70%
jospa
69%
maan
69%
Oi
69%
siellä
69%
vanki
69%
aina
68%
lentää
68%
onnen
68%
kerran
66%
jäädä
65%
luo
65%
saan
64%
siivetönnä
61%
unholaan
61%
kaukorantaan
60%
loistettaan
58%
vain
58%
huomisen
52%
huolet
51%
kauas
51%
aatoksin
49%
siintää
45%
hän
44%
entää
42%
Lennä
35%
lennä
35%
mua
35%
yksin
34%
laulu
32%
odottaa
32%
aatoksissain
30%
armain
30%
että
30%
oma
30%
liitävän
29%
kerro
18%
Ehtoja vastaavia visoja ei löytynyt
Tulosjakauma
Jokaisen tuloksen saaneiden osuus
Persentiili vastausten määrän mukaan
Tuloshistoriasi
Et ole pelannut tätä visaa